Valuation of medical centres and surgery premises (Record no. 111318)

MARC details
000 -LEADER
fixed length control field 02237cab a22003615a 4500
001 - CONTROL NUMBER
control field L151369
008 - FIXED-LENGTH DATA ELEMENTS--GENERAL INFORMATION
fixed length control field 100803s2010 xxk f 000 0 eng d
020 ## - INTERNATIONAL STANDARD BOOK NUMBER
International Standard Book Number 9781842195994
035 ## - SYSTEM CONTROL NUMBER
System control number (Sirsi) u151369
041 0# - LANGUAGE CODE
Language code of text/sound track or separate title eng
050 04 - LIBRARY OF CONGRESS CALL NUMBER
Classification number 333.332 $2 18
110 2# - MAIN ENTRY--CORPORATE NAME
Corporate name or jurisdiction name as entry element Royal Institution of Chartered Surveyors
9 (RLIN) 4900
245 00 - TITLE STATEMENT
Title Valuation of medical centres and surgery premises
Medium [old edition]
250 ## - EDITION STATEMENT
Edition statement 2nd ed.
260 ## - PUBLICATION, DISTRIBUTION, ETC.
Place of publication, distribution, etc. Coventry
Name of publisher, distributor, etc. RICS
Date of publication, distribution, etc. 2010
300 ## - PHYSICAL DESCRIPTION
Extent iv, 28p.
Dimensions 30cm.
490 #0 - SERIES STATEMENT
Series statement RICS Guidance Note
Volume/sequential designation GN 60/2010
505 2# - FORMATTED CONTENTS NOTE
Formatted contents note Introduction -- The NHS framework -- British medical association (BMA) guidance -- Basis of valuation, general assumptions and considerations -- Valuation for partnership purposes -- Valuation for loan security purposes -- Valuation of investment properties -- Valuation of LIFT schemes -- Inspection and measurement -- Design and specification, the impact of legislation and NHS policy -- Pharmacies within healthcare developments
520 ## - SUMMARY, ETC.
Summary, etc. Out of date, ARCHIVED 13/04/2015. Third edition published May 2025, effective 1 August 2025 ISBN 9781783215423
520 ## - SUMMARY, ETC.
Summary, etc. Designed to assist the valuer in dealing with valuation of medical centres and surgery premises. Offers guidance on understanding the NHS framework, regulations and BMA guidance. Includes a floor plan example showing NIA calculation.
520 ## - SUMMARY, ETC.
Summary, etc. Supersedes first edition (ISBN 1842191454). RICS is aware that the market, practice and regulatory landscape surrounding medical premises is likely to have changed since the publication of this guidance in 2010.
520 ## - SUMMARY, ETC.
Summary, etc. Consultation for third edition issued 2 September 2024.
521 ## - TARGET AUDIENCE NOTE
Target audience note Advanced
590 ## - LOCAL NOTE (RLIN)
Local note KA
650 ## - SUBJECT ADDED ENTRY--TOPICAL TERM
Topical term or geographic name entry element HOSPITALS
650 ## - SUBJECT ADDED ENTRY--TOPICAL TERM
Topical term or geographic name entry element MEDICAL CENTRES
650 ## - SUBJECT ADDED ENTRY--TOPICAL TERM
Topical term or geographic name entry element SURGERIES
651 #4 - SUBJECT ADDED ENTRY--GEOGRAPHIC NAME
Geographic name United Kingdom
690 ## - LOCAL SUBJECT ADDED ENTRY--TOPICAL TERM (OCLC, RLIN)
Topical term or geographic name as entry element Valuation
9 (RLIN) 6273
856 40 - ELECTRONIC LOCATION AND ACCESS
Uniform Resource Identifier <a href="https://www.rics.org/profession-standards/rics-standards-and-guidance/sector-standards/valuation-standards/valuation-of-medical-centre-and-surgery-premises">https://www.rics.org/profession-standards/rics-standards-and-guidance/sector-standards/valuation-standards/valuation-of-medical-centre-and-surgery-premises</a>
Public note View current edition
856 40 - ELECTRONIC LOCATION AND ACCESS
Uniform Resource Identifier <a href="https://www.isurv.com/downloads/file/7518/valuation_of_medical_centres_and_surgery_premises_2nd_edition">https://www.isurv.com/downloads/file/7518/valuation_of_medical_centres_and_surgery_premises_2nd_edition</a>
Public note 2nd edition archived on isurv (subscription required)
942 ## - ADDED ENTRY ELEMENTS (KOHA)
Suppress in OPAC 0
Source of classification or shelving scheme Dewey Decimal Classification
Holdings
Withdrawn status Lost status Source of classification or shelving scheme Damaged status Not for loan Home library Current library Shelving location Date acquired Total Checkouts Full call number Barcode Date last seen Copy number Price effective from Koha item type
    Dewey Decimal Classification     London London RICS Boxes 27/10/2010   RICS 2010/18 30075682 06/08/2019 1 06/08/2019 Archive
    Dewey Decimal Classification     London London RICS Boxes 27/10/2010   RICS 2010/18 30075684 06/08/2019 2 06/08/2019 Book
    Dewey Decimal Classification     London London RICS Boxes 27/10/2010   RICS 2010/18 30075683 06/08/2019 3 06/08/2019 Book
    Dewey Decimal Classification     Virtual Virtual Online 26/07/2023   isurv   26/07/2023   26/07/2023 Online material